Statistics for Glen Campbell Quiz

Click here to take the quiz!

General Stats

  • This quiz has been taken 20 times
  • The average score is 9 of 12

Answer Stats

HintAnswer% Correct
He is best known for playing this musical instrumentGuitar
94%
Signature 1975 song, that Dolly Parton's cover changed Cowboy to Cowgirl.Rhinestone Cowboy
89%
From December 1964 to early March 1965, Campbell was a touring member of this group, filling in for Brian Wilson,The Beachboys
89%
Song containing the lyrics, "I am a lineman for the county And I drive the main road".Wichita Lineman
89%
Born April 22, 1936 in this southern US stateArkansas
83%
As a youth he worked picking this crop.Cotton
83%
Died August 8, 2017 in this Tennessee city associated with musicNashville
83%
Texas coastal city sung about here, "I still hear your seawinds blowing; I still see her dark eyes glowing. She was twenty one, when I left _________".Galveston
78%
Song containing the lyrics, "By the time I make Albuquerque she'll be working She'll prob'ly stop at lunch and give me a call But she'll just hear that phone keep on ringin' Off the wall that's all."By The Time I Get To Phoenix
67%
Song containing the lyrics, "It's knowin' that your door is always open And your path is free to walk That makes me tend to leave my sleepin' bag Rolled up and stashed behind your couch".Gentle On My Mind
67%
The 1969 song for this John Wayne movie sung by Campbell, who co-starred in the movie, received nominations for the Academy Award for Best Song and the Golden Globe for Best Original Song.True Grit
61%
Song containing the lyrics, "Just as good even when closed your eyes I apologize to anyone who can truly say That he has found a better way".Southern Nights
44%

Score Distribution

Percentile by Number Answered

Percent of People with Each Score

Your Score History

You have not taken this quiz